Регионална библиотека "Любен Каравелов" - Русе

Богове, гробници и учени (Запис номер 65940)

MARC детайли
000 -Лидер
Контролно поле с фиксирана дължина 02159nam a2200445 c 4500
003 - Код на организацията, давaща контролен номер
Контролно поле BLK
005 - Дата и час на последна редакция
Контролно поле 20241214102654.0
008 - Елементи от данни с фиксирана дължина
fixed length control field 180408b bul|||||r ||||||| ||bul||
010 ## - Наследен системен номер
LC control number KNG00070223000
020 ## - Международен стандартен номер на книга ISBN
Международен стандартен номер на книга ISBN 978-954-584-058-6
-- издат.: Бард
040 ## - Източник на каталожния запис
Идентификатор на билиотеката - собственик на записа BLK
041 ## - Код за език
Код за езика на текст/звукозапис или на отделно заглавие Български
Код за езика КДБФ Български
080 ## - УДК
Текстов определител УДК Археология. Праисторически паметници - вж 903
УДК код - определител по УДК 902
УДК определител
УДК - код + определител 902
080 ## - УДК
Текстов определител УДК Паметници на културата на историческите периоди. Археологическите паметници. Старини
УДК код - определител по УДК 904
УДК определител
УДК - код + определител 904
080 ## - УДК
Текстов определител УДК История на цивилизацията. История на културата
УДК код - определител по УДК 930.85
УДК определител
УДК - код + определител 930.85
080 ## - УДК
Текстов определител УДК Стара и антична история (общо)
УДК код - определител по УДК 931/939
УДК определител
УДК - код + определител 931/939
100 1# - Редна дума - Автор
Автор Керам, Курт В.
Авторска отговорност първи автор
R(LIN) 78269
139 ## - Редно поле
Редна дума Керам, Курт В.
Авторски знак Кер - К 52
245 10 - Сведения за заглавието
Заглавие Богове, гробници и учени
Подзаглавни данни Роман за археологията
Редно поле (дума) Курт В. Керам; прев. от нем. Христо Ковачевски.
250 ## - Област на изданието
Сведения за изданието 4. изд.
257 ## - Страна на издаване
Страна на създаване/издаване Германия
260 ## - Област на издателските данни
-- София
Име на издателя, разпространителя и проч. Бард
Година на издаване 2006
Печатница Пловдив : Багра ООД
300 ## - Физическа характеристика
Страници 448 с.
Илюстрации и др. с ил., 24 л. : ил.
Размери/Мащаб 24 см
380 ## - Жанр
Жанр История
500 ## - Общи забележки
Забележка Ориг. загл. Gotter. Graber und Gelehrte / C. W. Ceram. - Курт В. Керам псевд. на Курт В. Марек. - 1. изд. 1968 на изд. Бълг. художник. - Съдържа и Хронологически таблици. - Библиогр. с. 436-441
504 ## - Забележка за наличие на библиография и др
Забележка за наличие на библиография и под. 436-441
650 #4 - Допълнително описание по предмет – тема
Основно описание – тема или топоним Археологически паметници
9 (RLIN) 243363
650 #4 - Допълнително описание по предмет – тема
Основно описание – тема или топоним Археология
9 (RLIN) 147536
653 ## - Ключова дума – ненормативна
Ключова дума богове
653 ## - Ключова дума – ненормативна
Ключова дума гробници
653 ## - Ключова дума – ненормативна
Ключова дума учени
653 ## - Ключова дума – ненормативна
Ключова дума археология
700 1# - Други автори (авторска отговорност)
Лично име Ковачевски, Христо
Автороска отговорност (Описва отношението между автора и произведението) прев. от нем.
9 (RLIN) 369397
852 ## - Местоположение
Форматна сигнатура Цб 230576
856 4# - Електронен адрес и достъп
Електронен формат pdf - файл
Път до файла /url/
856 4# - Електронен адрес и достъп
Електронен формат pdf - файл
Път до файла /url/
942 ## - АРТИКУЛИ
Вид на библиотечния материал Книги
Скрит в OPAC Не
Koha issues (borrowed), all copies 7
944 ## - СЪЗДАВАНЕ И РЕДАКЦИЯ на ЗАПИСА
Създаване/Редакция Създаване
Дата на регистрацията/редакция 27.12.2006
Служител, извършил регистрацията/редакцията 30546
Статус, дата на статуса Ренета Константинова
944 ## - СЪЗДАВАНЕ И РЕДАКЦИЯ на ЗАПИСА
Създаване/Редакция Редакция
Дата на регистрацията/редакция 17.10.2008
Служител, извършил регистрацията/редакцията
999 ## - СИСТЕМНИ КОНТРОЛНИ НОМЕРА
Koha biblionumber 65940
Koha biblioitemnumber 65940
Наличности
Код за отписване Код за изгубен артикул Код за повреда Коз за рестрикции Код за отдаване Артикулен № Име на библиотеката - собственик Име на библиотеката, в която се намира в момента Статус (Текущо местоположение) Дата на вписване в системата Местоположение - отдел Цена в лева Инвентарен номер Систематично азбучна сигнатура Баркод Номер на екземпляра Цена в евро Служебна бележка Служебен тип на артикула
  Не е изгубен Не е повреден без рестрикции заемане за дома 108905 Регионална библиотека "Любен Каравелов" Русе Регионална библиотека "Любен Каравелов" Русе Заемна - подръчен фонд 2006-12-27 Заемна - подръчен фонд 19.99 120000707835 П 902/К 52 120000707835 1 10.22 Дост: Pk Вид: Ф N: 47554 Дата: 20.12.2006 Дата инв: 07.02.2018 Бележки инв: П2018 Книги
  Не е изгубен Не е повреден без рестрикции ползва се в читалня 108906 Регионална библиотека "Любен Каравелов" Русе Регионална библиотека "Любен Каравелов" Русе Хранилище 2007-03-05 Хранилище 19.99 120000710647 Цб 230576 120000710647 2 10.22 Дост: Dp Вид: Д N: 23 Дата: 17.05.2006 Книги
  Не е изгубен Не е повреден без рестрикции заемане за дома 108907 Регионална библиотека "Любен Каравелов" Русе Регионална библиотека "Любен Каравелов" Русе Детски отдел 2008-09-30 Детски отдел 19.99 120000730085 ДН 9/К 52 120000730085 3 10.22 Дост: Pk Вид: Ф N: 8939 Дата: 24.09.2008 Дата инв: 24.08.2015 Бележки инв: Д2015 Книги
  Не е изгубен Не е повреден без рестрикции заемане за дома 108908 Регионална библиотека "Любен Каравелов" Русе Регионална библиотека "Любен Каравелов" Русе Детски отдел 2008-09-30 Детски отдел 19.99 120000730086 ДН 9/К 52 120000730086 4 10.22 Дост: Pk Вид: Ф N: 8939 Дата: 24.09.2008 Дата инв: 24.08.2015 Бележки инв: Д2015 Книги
  Не е изгубен Не е повреден без рестрикции заемане за дома 108909 Регионална библиотека "Любен Каравелов" Русе Регионална библиотека "Любен Каравелов" Русе Детски отдел 2008-10-03 Детски отдел 19.99 120000730210 ДН 9/К 52 120000730210 5 10.22 Дост: Pk Вид: Ф N: 8544 Дата: 03.10.2008 Дата инв: 24.08.2015 Бележки инв: Д2015 Книги
Vip Innovations Ltd, Rousse, Bulgaria 2025